| 000 | 00788nam a2200217 a 4500 | ||
|---|---|---|---|
| 001 | 000035366 | ||
| 005 | 20250611121345.0 | ||
| 008 | 111028s1981 sp 000 0 spa d | ||
| 020 | _a8420622990 | ||
| 040 |
_aDO-SdBNP _bspa _cBNPHU |
||
| 041 | 1 | 7 |
_aspa _heng |
| 100 | 1 |
_aAronson, Elliot, _d1932- _961169 |
|
| 245 | 1 | 3 |
_aEl animal social : _bintroducción a la psicología social / _cElliot Aronson ; versión española de Antonio Escohotado. |
| 260 |
_aMadrid : _bAlianza Editorial, _c1981. |
||
| 300 |
_a302 p. ; _c20 cm. |
||
| 490 | 0 |
_aAlianza universidad ; _v299 |
|
| 500 | _aTít. original: The social animal | ||
| 590 | _aPerteneció a la biblioteca personal de Juan Isidro Jimenes Grullón. | ||
| 650 | 2 | 0 |
_aPsicología social _91574 |
| 700 | 1 |
_aEscohotado, Antonio, _etrad. _952991 |
|
| 999 |
_c34857 _d34857 |
||